El lenguaje

Salvato in:
Dettagli Bibliografici
Autore principale: Sapir, Edward
Natura: Libro
Lingua:Undetermined
Pubblicazione: México, Distrito Federal Fondo de Cultura Económica 1954
Soggetti:
Tags: Aggiungi Tag
Nessun Tag, puoi essere il primo ad aggiungerne!!

MARC

LEADER 00000nam a2200000Ia 4500
008 170316s9999 xx 000 0 und d
090 |a 410 S-5Le 
100 |a Sapir, Edward 
245 |a El lenguaje 
260 |a México, Distrito Federal 
260 |b Fondo de Cultura Económica 
260 |c 1954 
300 |a 280 páginas 
650 |a LINGÜÍSTICA 
999 |c 18758  |d 18758 
040 |a cru BVZT 
942 |c 15 D  |h 410 S-5Le  |2 z